Bharat itihasor bikhaybastu : (Record no. 8901)

MARC details
000 -LEADER
fixed length control field 00500cam a2200193ua 4500
008 - FIXED-LENGTH DATA ELEMENTS--GENERAL INFORMATION
fixed length control field 161007n2016 ii |||gr||||Z||||||asm
040 ## - CATALOGING SOURCE
Transcribing agency MAIN
041 ## - LANGUAGE CODE
-- asm
082 ## - DEWEY DECIMAL CLASSIFICATION NUMBER
Classification number 954
100 ## - MAIN ENTRY--PERSONAL NAME
Personal name Begum, Chenehi,
Relator term
245 ## - TITLE STATEMENT
Title Bharat itihasor bikhaybastu :
Remainder of title HS second year /
Statement of responsibility, etc. Ed. by Chenehi Begum .
250 ## - EDITION STATEMENT
Remainder of edition statement V 2.
260 ## - PUBLICATION, DISTRIBUTION, ETC.
Place of publication, distribution, etc. Guwahati
Name of publisher, distributor, etc. AHSEC
Date of publication, distribution, etc. 2016
300 ## - PHYSICAL DESCRIPTION
Extent 142p.
700 ## - ADDED ENTRY--PERSONAL NAME
Personal name Kalita, ramesh Chandra,
Relator term
942 ## - ADDED ENTRY ELEMENTS (KOHA)
Koha item type Books
653 ## - INDEX TERM--UNCONTROLLED
Uncontrolled term South Asia India
Holdings
Withdrawn status Lost status Damaged status Not for loan Home library Current library Shelving location Date acquired Total Checkouts Full call number Barcode Date last seen Date last checked out Copy number Price effective from Koha item type
        Naharkatiya College Library Naharkatiya College Library General Stacks 19/09/2020 3 954 | BHA 23359 11/02/2023 23/01/2023 3 19/09/2020 Books
        Naharkatiya College Library Naharkatiya College Library General Stacks 19/09/2020 6 954 | BHA 23360 29/04/2026 25/04/2026 2 19/09/2020 Books
        Naharkatiya College Library Naharkatiya College Library General Stacks 19/09/2020 4 954 | BHA 23361 13/10/2022 29/09/2022 1 19/09/2020 Books

Naharkatiya College © 2020. All rights reserved.

Powered By